| 000 | 00339nam a2200133Ia 4500 | ||
|---|---|---|---|
| 008 | 150301s2014 xx 000 0 und d | ||
| 082 |
_a610.7367 _bM14B |
||
| 100 | _aBLACK, JOYEE M. | ||
| 245 | _aMEDICAL SURGICAL NURSING SPECIALITIES | ||
| 260 |
_bELSEVER _c2014 |
||
| 300 | _a2218 | ||
| 650 | _aMEDICAL SURGICAL NURSING | ||
| 942 |
_2ddc _cBK |
||
| 999 |
_c6846 _d6846 |
||